000
00341 a2200157 4500
001
51794
020
_a
040
_c
Anchieta - Pituba
100
_a
Mara
240
1
0
_a
1ª Português, I unidade
_l
por
245
1
0
_a
1ª Português, I unidade
300
_a
6
362
0
_a
2011
650
4
_a
Línguas espanhola e portuguesa
942
_c
BK
999
_c
51794
_d
51794